Psychiatry in an anthropological and biomedical context : philosophical presuppositions and implications of German psychiatry, 1820-1870 /

Bibliographic Details
Main Author: Verwey, Gerlof, 1939-
Format: Book
Language:English
Published: Dordrecht ; Boston : D. Reidel Pub. Co. ; [1985]
Series:Studies in the history of modern science ; v. 15.
Subjects:

MARC

Tag First Indicator Second Indicator Subfields
LEADER 00000pam a2200000 a 4500
001 in00000569821
005 20151014055435.0
008 840509s1985 ne b 00110 eng
010 |a  84009951  
020 |a 9027717133 
035 |a (OCoLC)11467575 
035 |9 ACK8276AM 
039 0 |a 2  |b 3  |c 3  |d 3  |e 3 
040 |a DLC  |c DLC  |d TXA  |d UtOrBLW 
041 1 |a eng  |h dut 
043 |a e-gx--- 
049 |a TXAM  |c 1 [A08363988], 2 [A08539563] 
050 0 0 |a RC450.G3  |b V4713 1985 
060 0 |a WM 11 GG4 V5p 
082 0 |a 616.89/00943  |2 19 
100 1 |a Verwey, Gerlof,  |d 1939- 
240 1 0 |a Psychiatrie tussen antropologie en natuurwetenschap.  |l English 
245 1 0 |a Psychiatry in an anthropological and biomedical context :  |b philosophical presuppositions and implications of German psychiatry, 1820-1870 /  |c Gerlof Verwey ; [translated by Lynne Richards with Philip Hyams and Johan Staargaard]. 
264 1 |a Dordrecht ;  |a Boston :  |b D. Reidel Pub. Co. ;  |c [1985] 
264 2 |a Hingham, MA :  |b Sold and distributed in the U.S.A. and Canada by Kluwer Academic Publishers, 
264 4 |c ©1985 
300 |a xix, 316 pages ;  |c 23 cm. 
336 |a text  |b txt  |2 rdacontent 
337 |a unmediated  |b n  |2 rdamedia 
338 |a volume  |b nc  |2 rdacarrier 
490 1 |a Studies in the history of modern science ;  |v v. 15 
500 |a Translation of: Psychiatrie tussen antropologie en natuurwetenschap. 
500 |a Includes indexes. 
504 |a Bibliography: pages 273-287. 
650 0 |a Psychiatry  |z Germany  |x Philosophy  |x History  |y 19th century. 
650 0 |a Philosophy, German  |y 19th century. 
650 0 |a Science  |z Germany  |x Philosophy  |x History  |y 19th century. 
650 0 |a Anthropology  |z Germany  |x Philosophy  |x History  |y 19th century. 
650 2 |a Psychiatry  |x history  |z Germany. 
650 2 |a Philosophy, Medical. 
650 2 |a Anthropology  |x history  |z Germany. 
740 0 |a Psychiatrie tussen antropologie en natuurwetenschap. 
830 0 |a Studies in the history of modern science ;  |v v. 15. 
999 |a MARS 
999 f f |s fc8edd10-7c7c-3980-96c5-51d6c9478de8  |i be33ae5f-63b7-3f21-afe6-7b134ea52496  |t 0 
952 f f |p ric  |a Texas A&M University  |b Rellis Campus  |c Joint Library Facility  |s JLF  |d Remote Storage  |t 0  |e RC450.G3 V4713 1985  |h Library of Congress classification  |i unmediated -- volume  |m A14808539563 
998 f f |a RC450.G3 V4713 1985  |t 0  |l Remote Storage